Central Library OPAC University of Rajshahi

The psychology of intelligence / (Record no. 29753)

MARC details
000 -LEADER
fixed length control field 01104cam a2200301 a 4500
001 - CONTROL NUMBER
control field 29753
003 - CONTROL NUMBER IDENTIFIER
rucl marc code BD-RjUL
005 - DATE AND TIME OF LATEST TRANSACTION
control field 20211209051444.0
008 - FIXED-LENGTH DATA ELEMENTS--GENERAL INFORMATION
fixed length control field 140407s2001 enk b 001 0 eng d
020 ## - INTERNATIONAL STANDARD BOOK NUMBER
International Standard Book Number 0415254019
035 ## - SYSTEM CONTROL NUMBER
System control number (BD-RjUL) 29838
040 ## - CATALOGING SOURCE
Original cataloging agency DLC
Transcribing agency DLC
Modifying agency DLC
-- BD-RjUL
Language of cataloging eng
041 1# - LANGUAGE CODE
Language code of text/sound track or separate title eng
Language code of original fre
082 00 - DEWEY DECIMAL CLASSIFICATION NUMBER
Classification number 153.9
Edition number 21
Author mark and year PIP 2001
100 1# - MAIN ENTRY--PERSONAL NAME
Personal name Piaget, Jean,
Dates associated with a name 1896-1980.
9 (RLIN) 3700
245 14 - TITLE STATEMENT
Title The psychology of intelligence /
Statement of responsibility, etc. Jean Piaget ; translated by Malcolm Piercy and D.E. Berlyne.
260 ## - PUBLICATION, DISTRIBUTION, ETC. (IMPRINT)
Place of publication, distribution, etc. London ;
-- New York :
Name of publisher, distributor, etc. Routledge,
Date of publication, distribution, etc. 2001.
300 ## - PHYSICAL DESCRIPTION
Pagination xi, 202 p. ;
Size 20 cm.
504 ## - BIBLIOGRAPHY, ETC. NOTE
Bibliography, etc Includes bibliographical references (p. [191]-193) and indexes.
650 #0 - SUBJECT ADDED ENTRY--TOPICAL TERM
Topical term or geographic name as entry element Intellect.
9 (RLIN) 395
856 42 - ELECTRONIC LOCATION AND ACCESS
Materials specified Publisher description
Uniform Resource Identifier <a href="http://www.loc.gov/catdir/enhancements/fy0650/2001041222-d.html">http://www.loc.gov/catdir/enhancements/fy0650/2001041222-d.html</a>
Materials specified Contributor biographical information
Uniform Resource Identifier <a href="http://www.loc.gov/catdir/enhancements/fy1012/2001041222-b.html">http://www.loc.gov/catdir/enhancements/fy1012/2001041222-b.html</a>
942 ## - ADDED ENTRY ELEMENTS (KOHA)
Source of classification or shelving scheme Dewey Decimal Classification
Koha item type Books
Holdings
Lost status Source of classification or shelving scheme Damaged status Not for loan Collection code Permanent Location Current Location Shelving location Date acquired Source of acquisition Cost, normal purchase price Total Checkouts Full call number Date last seen Copy number Koha item type
  Dewey Decimal Classification     Non-fiction Central Library, University of Rajshahi Central Library, University of Rajshahi   06/02/2008 Dacca, paramount book cor. 9.99   153.9 PIP 2001 07/04/2014 C-4 Books